Přehled středoškolské chemie /

Salvato in:
Dettagli Bibliografici
Autore principale: Vacík, Jiří (Autore)
Natura: Libro
Lingua:ceco
Pubblicazione: Praha : Státní pedagogické nakladatelství, 1990
Tags: Aggiungi Tag
Nessun Tag, puoi essere il primo ad aggiungerne!!

MARC

LEADER 00000nam a22000003a 4500
001 stu17892
005 20150617225755.2
008 910718s1990----cs------------------cze-d
020 |a 80-04-22463-6 
040 |a STU  |b slo 
041 0 |a cze 
044 |a cs 
080 |a 54 
100 1 |a Vacík, Jiří  |4 aut 
245 1 |a Přehled středoškolské chemie /  |c [aut.]Vacík,Jiří a kol 
260 |a Praha :  |b Státní pedagogické nakladatelství,  |c 1990 
300 |a 365 s 
996 |b C88207  |c C*88207  |l CCIII  |s P  |a 0  |w stu17892_0001